000
00245nam a2200097Ia 4500
001
785626
005
20250826170304.0
008
250824s9999 xx 000 0 und d
245
0
_a
ADIN AYRILIK OLSUN
_c
BEDİRHAN GÖKÇE
260
_b
DESTEK YAYINLARI
999
_c
785626
_d
785626